| 000 | 01046 a2200301 4500 | ||
|---|---|---|---|
| 999 |
_c69163 _d27713 |
||
| 001 | 69163 | ||
| 003 | TR-AnTOB | ||
| 005 | 20230612171653.0 | ||
| 008 | 000510s1993 tu tur | ||
| 020 | _a9751712718 | ||
| 035 | _a69163 | ||
| 040 |
_aTR-AnTOB _beng _cTR-AnTOB _erda |
||
| 041 | _atur | ||
| 050 |
_aKKX3137 _b.K95 1993 |
||
| 090 | _aKKX3137 .K95 1993 | ||
| 245 | 0 |
_a49. ve 50. Cumhuriyet hükümetleri Kültür Bakanı D. Fikri Sağlar tarafından hazırlatılan yasa taslakları / _cyay.haz.Ş.Özdemir. |
|
| 264 | 1 |
_aAnkara : _bKültür Bakanlığı, _c1993. |
|
| 300 |
_a282 s.;res., _c24 cm. |
||
| 500 | _aCover title : Kültürel yaşamı demokratikleştirmeyi amaçlayan yasa taslakları. | ||
| 650 |
_aCultural property _xProtection _xLaw and legislation _zTurkey _955191 |
||
| 650 |
_aKültür varlıkları _xKoruma _xHukuk ve mevzuat _zTürkiye _955190 |
||
| 651 | 0 |
_aTürkiye _xKültür politikası _957424 |
|
| 902 | _a0023959 | ||
| 903 | _aMerkez Kütüphane | ||
| 942 |
_cBK _2lcc |
||
| 945 | _aMÇ, 24.04.2008, SA 2.5.08 | ||